000 00265nam a22001097a 4500
082 _a954.912 WAR'E
100 _aWARBURTON, SIR ROBERT
_979365
245 _aEIGHTEEN YEARS IN THE KHYBER 1879-1898
260 _aKARACHI
_bOXFORD
_c1972
300 _a351P
942 _cBK
999 _c584408
_d584408